01594nam a2200313 i 4500003000900000005001700009007000300026008004100029020001900070040003000089082002500119100004800144245012200192264006000314300002700374336002700401337003300428338002800461490004200489504002800531505038800559590002700947651008300974651006101057910000701118942001301125952012501138999001701263DO-SdBNP20260303090148.0ta210922b2016 dr o|||| |||| 00| 0 eng d a97899455869230 aDO-SdBNPbspacBNPHUerda 4a972.9304bA185p 2221 aAcosta Matos, Eliades,d1959-eautor97447913aEl proceso restaurador visto desde Cuba :bsu impacto político y en la Guerra de Independencia cubana (1868-1878) / 1aSanto Domingo :bArchivo General de la Nación,c2016. a44 páginas ;c23 cm. 2rdacontentatextobtxt 2rdamediaasin mediaciónbn 2rdacarrieravolumenbnc1 aArchivo General de la Nación ;v295 aIncluye bibliografías aEl proceso restaurador visto desde Cuba. Su impacto político y en la Guerra de Independencia cubana (1868-1878), 9.-- El proceso de la Anexión en la geopolítica del Caribe, 12.-- Las Reservas dominicanas y el futuro de Cuba, 17.-- Santiago de Cuba, la retaguardia española y los ecos de su derrota, 25.-- Los primeros maestros de la guerra redentora en Cuba, 31.-- Anexos, 43 aInventariado, 2023/ DG 4aRepública DominicanaxHistoriayGuerra de la Restauración 1863-1865984016 4aCubaxHistoriazGuerra de independencia 1868-1878984017 aDG 2ddccLF2 00102ddc51708PD-FaBNPHUbBNPHUcCTd2023-08-25l0oBNPHU PD 972.9304 A185p p2023-5515r2023-08-25w2023-08-25yLF2 c54535d54535